| 000 | 00413nam a2200133 i 4500 | ||
|---|---|---|---|
| 001 | bg | ||
| 100 | 1 | _aSACHSE, Krzysztof | |
| 245 | 0 |
_aAnaliza i właściwości linii transmisyjnych i falowodów o wielu warstwach dielektrycznych i półprzwodnikowych / _cKrzysztf Sachse. |
|
| 260 |
_aWrocław : _bWydaw. PW, _c1991. |
||
| 040 | _cBPK | ||
| 041 | _apol | ||
| 942 | _cKS | ||
| 008 | s pl f |000 0 pol | ||
| 999 |
_c29506 _d29506 |
||
| 856 |
_uhttp://koha.tu.koszalin.pl/cgi-bin/koha/opac-detail.pl?biblionumber=29506 _yKatalog online BPK |
||